000 00701cam a22002411 4500
999 _c128253
_d128253
001 9466137
003 ARRUPE
005 20180925102148.0
008 740129s1972 xx 000 0 fre
010 _a 73319520
035 _a(OCoLC)785144
040 _aDLC
_cNIC
_dDLC
042 _apremarc
050 0 0 _aDT20
_b.K5
100 2 _aKi-Zerbo, Joseph.
_920016
245 1 0 _aHistoire de l'Afrique noire, d'hier à demain.
260 _aParis,
_bHatier
_c[1972]
300 _a702 p.
_billus.
_c24cm.
504 _aIncludes bibliographies.
651 0 _aAfrica
_xHistory.
_942539
906 _a7
_bcbc
_coclcrpl
_du
_encip
_f19
_gy-gencatlg
942 _2lcc
_cMONOGRAPH